000 01924nam0a2200409 4500
001 RU\NLR\bibl\1419700
005 20250615213945.0
010 _a987-5-902459-04-0
_9150
021 _aRU
_b2009-60633
_93738
035 _a(nilc)RSL-KNO-004362112
035 _a(NLR Aleph) 001411651
090 _a1286356
_c1286356
100 _a20090717d2009 |||y0rusy50 ca
101 0 _arus
102 _aRU
105 _aa |||||||||
200 1 _aВнеаудиторная воспитательная работа в вузе как средство формирования профессиональной и личностной компетентности специалиста-менеджера
_eмонография
_fЕ.Г. Залюбовская, А.Н. Стрижов
_g[С.-Петерб. гос. политехн. ун-т, ИМИТ]
210 _aЧереповец
_cИНЖЭКОН-Череповец
_d2009
215 _a193 с.
_cил., цв.ил.
_d21
300 _aНа 4-й с. обл. авт.: Залюбовская Е.Г., преп., Стрижов А.Н., к.п.н., доц.
320 _aБиблиогр.: с. 117-126 (129 назв.)
606 1 _aМенеджеры
_xПодготовка
_xКомпетентностный подход
_92499401
_3RU\NLR\auth\661482501
606 1 _aЭкономические ВУЗы
_xВоспитательная работа
_92002891
_3RU\NLR\auth\661205563
686 _aЧ481,6(2)38,0
_2rubbk
686 _aЧ489.381.221
686 _aЧ489.313
700 1 _aЗалюбовская
_bЕ. Г.
_gЕлена Геннадьевна
_4070
701 1 _aСтрижов
_bА. Н.
_gАлександр Николаевич
_4070
801 0 _aRU
_bРКП
_c20090717
_grcr
801 1 _aRU
_bРГБ
_c20090717
801 2 _aRU
_bNLR
_c20091002
_grcr
830 _aавт. по кн.
942 _cBOOK
980 _aNB
980 _aNBR